000 00496nam a2200157 i 4500
001 108503
003 ES-MaACL
005 20230906184643.0
007 t|
008 061121s1933 sp r ||||1| spa d
100 1 _aMonglond, André.
_982200
245 1 0 _aJeunesses
_b; Le Journal des Charmettes ; Les Amours de Carbonnières ; Le Mariage de Senancour /
_cAndré Monglond.
260 _aParis :
_bBernard Grasset,
_c1933.
300 _a308 p., 6 la´m. ;
_c21 cm.
852 _aES-MaACL
_jA-1989
999 _c108503
_d108503